Statistics for English Football Clubs by Postcode #3

Click here to take the quiz!

General Stats

  • This quiz has been taken 505 times
  • The average score is 11 of 22

Answer Stats

PostcodeClub% Correct
MK1 1STMilton Keynes Dons
90%
NE1 4STNewcastle United
82%
OX4 4XPOxford United
81%
LE2 7FLLeicester City
71%
LU4 8AWLuton Town
68%
SO14 5FPSouthampton
66%
M11 3FFManchester City
63%
DE24 8XLDerby County
61%
ST4 4EGStoke City
59%
NR1 1JENorwich City
57%
CO4 5UPColchester United
54%
BS3 2EJBristol City
52%
SE7 8BLCharlton Athletic
51%
B71 4LFWest Bromwich Albion
43%
W12 7PJQueens Park Rangers
33%
CW2 6EBCrewe Alexandra
28%
BH7 7AFBournemouth
27%
TW8 0RUBrentford
21%
LA4 4TBMorecambe
19%
DN35 7PYGrimsby Town
12%
SM1 2EYSutton United
12%
CH42 9PYTranmere Rovers
12%

Score Distribution

Percentile by Number Answered

Percent of People with Each Score

Your Score History

You have not taken this quiz